Southville International School and Colleges
Your cart is empty.
  • Cart
  • Lists
    Public lists Eva Luna New books Lux_list list_1
    Your lists Log in to create your own lists
  • Log in to your account
  • Your cookies
  • Search history
Southville International School and Colleges
  • Advanced search
  • Recent comments
  • Most popular
  • Libraries

Log in to your account

Log in with GOOGLE


If you do not have an external account, but do have a local account, you can still log in:

  1. Home
  2. MARC view: The book of tomorrow /
Normal view MARC view ISBD view

The book of tomorrow / (Record no. 288855)

[ view plain ]
MARC details
000 -LEADER
fixed length control field 00423nam a22001577a 4500
003 - CONTROL NUMBER IDENTIFIER
control field PILC
005 - DATE AND TIME OF LATEST TRANSACTION
control field 20151014104403.0
008 - FIXED-LENGTH DATA ELEMENTS--GENERAL INFORMATION
fixed length control field 151014b xxu||||| |||| 00| 0 eng d
020 ## - INTERNATIONAL STANDARD BOOK NUMBER
International Standard Book Number 9780061968310
050 ## - LIBRARY OF CONGRESS CALL NUMBER
Classification number PZ 7
Item number .Ah285 2009
100 ## - MAIN ENTRY--PERSONAL NAME
Personal name Ahern, Cecelia.
245 ## - TITLE STATEMENT
Title The book of tomorrow /
Statement of responsibility, etc Cecelia Ahern.
260 ## - PUBLICATION, DISTRIBUTION, ETC. (IMPRINT)
Place of publication, distribution, etc New York :
Name of publisher, distributor, etc Harper Collins,
Date of publication, distribution, etc 2009.
300 ## - PHYSICAL DESCRIPTION
Extent 320 pages ;
Dimensions 19 cm.
942 ## - ADDED ENTRY ELEMENTS (KOHA)
Source of classification or shelving scheme Library of Congress Classification
Koha item type Books
Call number prefix Foreign
Holdings
Withdrawn status Lost status Source of classification or shelving scheme Damaged status Home library Current library Shelving location Date acquired Source of acquisition Sub Shelving location Total Checkouts Full call number Barcode Date last seen Price effective from Koha item type
    Library of Congress Classification   College Library College Library Fiction Section 10/14/2015 Donation     PZ 7 .Ah285 2009 C20191 05/08/2018 10/14/2015 Books

The book of tomorrow /

APA

Ahern C., . (2009). The book of tomorrow. New York: Harper Collins.

Chicago

Ahern Cecelia, . 2009. The book of tomorrow. New York: Harper Collins.

Harvard

Ahern C., . (2009). The book of tomorrow. New York: Harper Collins.

MLA

Ahern Cecelia, . The book of tomorrow. New York: Harper Collins. 2009.

  • Place hold
  • Print
  • Cite
  • Add to your cart (remove)
  • Save record
    BIBTEX Dublin Core MARCXML MARC (non-Unicode/MARC-8) MARC (Unicode/UTF-8) MARC (Unicode/UTF-8, Standard) MODS (XML) RIS
  • More searches
    Search for this title in:
    Other Libraries (WorldCat) Other Databases (Google Scholar) Online Stores (Bookfinder.com) Open Library (openlibrary.org)

Exporting to Dublin Core...

SOUTHVILLE LIBRARY

Southville International School and Colleges Library

1281 Tropical Ave. Cor. Luxembourg St., BF Homes International, Las Pinas City

Tel. No. 8256374 / 252358 Loc. 117/146

Powered by Koha